00747nam a22001937a 4500008004100000020002200041082001400063100002200077245005400099250001700153260003800170300001100208440004000219500005000259505017400309650003200483650001400515650002400529130516t 2010Sp ||||| |||| 00| 0 eng d a978-84-376-2622-2 2170 G949i aGUISAN, Esperanza aIntroducción a la éticac/ Esperanza Guisán a4a. ed. act. aMadrid, EspañabCátedrac2010 a341 p. a(Colección Teorema : Serie Mayor) aIncluye: Bibliografía en cada capítulo.  aContenido: Cuestiones preliminares.- Problemas morales.- Modelos de éticas normativas.- Invitacion a la metaética.- La recuperación de las éticas normativas.-.  a1.ETICA 3.CRIMINALÍSTICA  a2.DERECHO a3.CRIMINALÍSTICA